000
00216 a2200097 4500
001
30360
100
_a
Auston, J
245
_a
Northanger Abbey persuasion
260
_a
London
_b
Dent & Sons
_c
090
_c
20312
_d
20312
942
_a
NUST-CAE
_c
M
_c
11462
999
_c
265433
_d
265433